Statistiques concernant Les 8 planètes du Système solaire

Cliquez ici pour prendre le quiz!

Statistiques générales

  • Ce quiz a été pris 177 fois
  • Le résultat moyen est 7 sur 8

Statistiques - réponses

Planètes% Correct
Mars
99%
Terre
99%
Saturne
95%
Vénus
95%
Jupiter
94%
Neptune
92%
Uranus
89%
Mercure
86%

Distribution des résultats

Percentile par nombre de réponses

% des personnes avec chaque résultat

Votre développement - résultats

Vous n’avez pas pris ce quiz